[Event "Verbandsliga Nordbaden 2324"]
[Site "Baden"]
[Date "2024.02.18"]
[Round "6.4"]
[White "Wind, Lutz"]
[Black "Fucik, Timo"]
[Result "1-0"]
[WhiteElo "2137"]
[BlackElo "1993"]
[PlyCount "71"]
[EventDate "2023.09.24"]
[EventType "team-tourn"]
[EventRounds "9"]
[EventCountry "GER"]
[SourceTitle "EXT 2025"]
[Source "ChessBase"]
[SourceDate "2024.10.14"]
[SourceVersion "1"]
[SourceVersionDate "2024.10.14"]
[SourceQuality "1"]
[WhiteTeam "Lindenhof"]
[BlackTeam "Ettlingen II"]
[WhiteTeamCountry "GER"]
[BlackTeamCountry "GER"]

1. d4 d5 2. Bg5 f6 3. Bf4 Nc6 4. Nf3 Bg4 5. Nbd2 Nxd4 6. Nxd4 e5 7. h3 Bd7 8. e4 exf4 9. exd5 Bd6 10. Qf3 Qe7+ 11. Be2 Nh6 12. 0-0-0 0-0-0 13. Nc6 bxc6 14. Ba6+ Kb8 15. Rhe1 Qf8 16. dxc6 Bc8 17. Bxc8 Rxc8 18. Qb3+ Bb4 19. Re4 Ka8 20. Rxb4 Rb8 21. Rb7 Qc5 22. Qf3 Rhd8 23. Rxc7 Rxb2 24. Rxa7+ Kxa7 25. Kxb2 Nf5 26. Nb3 Qe5+ 27. Kb1 Rxd1+ 28. Qxd1 Kb6 29. Qd7 Nd6 30. a4 Qe1+ 31. Ka2 Qb4 32. a5+ Kb5 33. c7+ Ka6 34. c8Q+ Nxc8 35. Qxc8+ Ka7 36. Qc5+ 1-0

[Event "Oberliga Baden 2324"]
[Site "Germany"]
[Date "2023.12.03"]
[Round "4.8"]
[White "Bittner, Thomas"]
[Black "Fucik, Timo"]
[Result "1-0"]
[WhiteElo "2112"]
[BlackElo "1993"]
[PlyCount "69"]
[EventDate "2023.09.17"]
[EventType "team-tourn"]
[EventRounds "9"]
[EventCountry "GER"]
[SourceTitle "EXT 2025"]
[Source "ChessBase"]
[SourceDate "2024.10.14"]
[SourceVersion "1"]
[SourceVersionDate "2024.10.14"]
[SourceQuality "1"]
[WhiteTeam "Baden-Baden III"]
[BlackTeam "Ettlingen"]
[WhiteTeamCountry "GER"]
[BlackTeamCountry "GER"]

1. e4 c5 2. Nc3 Nc6 3. g3 g6 4. Bg2 Bg7 5. d3 d6 6. Be3 e6 7. Qd2 Rb8 8. f4 Nge7 9. Nf3 Nd4 10. 0-0 b5 11. Nh4 b4 12. Nd1 f5 13. c3 bxc3 14. bxc3 Ndc6 15. exf5 gxf5 16. Nf3 0-0 17. Re1 Bd7 18. Rc1 Re8 19. h3 Nd5 20. Bf2 Qa5 21. g4 fxg4 22. hxg4 Nf6 23. Bh3 e5 24. f5 e4 25. dxe4 Qa4 26. c4 Kh8 27. e5 dxe5 28. g5 Nd4 29. Bxd4 cxd4 30. gxf6 Bxf6 31. Nf2 Qa3 32. Kg2 Rg8+ 33. Ng4 e4 34. Nxd4 h5 35. Qh6# 1-0

[Event "Verbandsliga Nordbaden 2223"]
[Site "Germany"]
[Date "2022.12.04"]
[Round "4.3"]
[White "Welz, Thomas"]
[Black "Fucik, Timo"]
[Result "0-1"]
[WhiteElo "2170"]
[BlackElo "2008"]
[PlyCount "82"]
[EventDate "2022.09.25"]
[EventType "team-tourn"]
[EventRounds "9"]
[EventCountry "GER"]
[SourceTitle "EXT 2024"]
[Source "ChessBase"]
[SourceDate "2023.10.10"]
[SourceVersion "1"]
[SourceVersionDate "2023.10.10"]
[SourceQuality "1"]
[WhiteTeam "Eppingen II"]
[BlackTeam "Ettlingen II"]
[WhiteTeamCountry "GER"]
[BlackTeamCountry "GER"]

1. d4 d5 2. Nf3 Nf6 3. e3 c6 4. c4 Bg4 5. Nc3 e6 6. Be2 Nbd7 7. 0-0 Bd6 8. Ne1 Bxe2 9. Qxe2 0-0 10. e4 dxe4 11. Nxe4 Nxe4 12. Qxe4 e5 13. dxe5 Nxe5 14. Nf3 f5 15. Qe2 Qc7 16. h3 Rae8 17. Be3 Ng4 18. Qd3 Nxe3 19. fxe3 Bc5 20. Kh1 Rxe3 21. Qc2 g6 22. Rae1 Rfe8 23. Rxe3 Rxe3 24. Re1 f4 25. Rd1 Qe7 26. Qd2 h6 27. Qd8+ Qxd8 28. Rxd8+ Kg7 29. Rd7+ Kf6 30. Rxb7 Rd3 31. h4 Bf2 32. Kh2 Bg3+ 33. Kh3 Rd1 34. Nh2 h5 35. Ng4+ Ke6 36. Nf2 Bxf2 37. g4 fxg3 38. Rc7 Kd6 39. Rg7 Rh1+ 40. Kg2 Rxh4 41. Rxg6+ Kc5 0-1

[Event "Rhein Main op-A 24th"]
[Site "Bad Homburg"]
[Date "2022.06.19"]
[Round "7"]
[White "Lindam, Ingo"]
[Black "Fucik, Timo"]
[Result "1-0"]
[WhiteElo "2135"]
[BlackElo "1983"]
[PlyCount "75"]
[EventDate "2022.06.15"]
[EventType "swiss"]
[EventRounds "7"]
[EventCountry "GER"]
[SourceTitle "EXT 2023"]
[Source "ChessBase"]
[SourceDate "2022.10.05"]
[SourceVersion "1"]
[SourceVersionDate "2022.10.05"]
[SourceQuality "1"]

1. d4 d5 2. Nf3 Nf6 3. c4 c6 4. Qc2 e6 5. g3 dxc4 6. Bg2 b5 7. 0-0 Bb7 8. b3 cxb3 9. axb3 Nbd7 10. Rd1 Qb6 11. e4 Be7 12. Be3 c5 13. Nc3 0-0 14. d5 exd5 15. exd5 Bd6 16. Ng5 Rfe8 17. Nce4 h6 18. Nxd6 Qxd6 19. Ne4 Nxe4 20. Bxe4 Qe5 21. Bg2 a5 22. Qd3 c4 23. bxc4 bxc4 24. Qxc4 Nf6 25. Qb3 Bc8 26. Bd4 Qf5 27. Qb2 Ba6 28. Rxa5 Bc4 29. Rxa8 Rxa8 30. d6 Ra2 31. Qb8+ Kh7 32. Qb4 Be6 33. Qe1 Bd7 34. Qe5 Qc2 35. Re1 Qd2 36. Qe3 Qc2 37. Bxf6 gxf6 38. Be4+ 1-0

[Event "Rhein Main op-A 24th"]
[Site "Bad Homburg"]
[Date "2022.06.17"]
[Round "4"]
[White "Fucik, Timo"]
[Black "Euler, Gerd"]
[Result "1-0"]
[WhiteElo "1983"]
[BlackElo "2274"]
[PlyCount "67"]
[EventDate "2022.06.15"]
[EventType "swiss"]
[EventRounds "7"]
[EventCountry "GER"]
[SourceTitle "EXT 2023"]
[Source "ChessBase"]
[SourceDate "2022.10.05"]
[SourceVersion "1"]
[SourceVersionDate "2022.10.05"]
[SourceQuality "1"]

1. d4 f5 2. Nf3 Nf6 3. g3 g6 4. Bg2 Bg7 5. 0-0 0-0 6. b3 d6 7. Bb2 c6 8. c4 a5 9. Nbd2 Na6 10. Qc2 Bd7 11. Rae1 Qc7 12. e4 Nb4 13. Qb1 fxe4 14. Nxe4 Nxe4 15. Qxe4 Rae8 16. Ng5 e5 17. a3 Na6 18. dxe5 dxe5 19. Qh4 h6 20. Ne4 Bf5 21. c5 Qf7 22. Nd6 Qxb3 23. Bc1 Kh7 24. g4 Bd3 25. Bxh6 Re6 26. Re3 Nxc5 27. Ne4 Bxe4 28. Rxb3 Bxg2 29. Be3+ Kg8 30. Bxc5 g5 31. Qxg5 Rxf2 32. Rxf2 Rg6 33. Qxg6 Kh8 34. Rxb7 1-0

[Event "GER-chT Online Liga 1 GpD"]
[Site "Playchess.com INT"]
[Date "2021.02.08"]
[Round "3.4"]
[White "Budt, Matthias"]
[Black "Fucik, Timo"]
[Result "1/2-1/2"]
[WhiteElo "2155"]
[BlackElo "2001"]
[PlyCount "81"]
[EventDate "2021.01.18"]
[EventType "team-tourn (rapid)"]
[EventRounds "7"]
[EventCountry "GER"]
[SourceTitle "EXT 2022"]
[Source "ChessBase"]
[SourceDate "2021.10.06"]
[SourceVersion "1"]
[SourceVersionDate "2021.10.06"]
[SourceQuality "1"]
[WhiteTeam "Zehlendorf"]
[BlackTeam "Ettlingen"]
[WhiteTeamCountry "GER"]
[BlackTeamCountry "GER"]

1. d4 d5 2. Nf3 c6 3. c4 e6 4. Nc3 f5 5. Bf4 Nf6 6. e3 Be7 7. Bd3 0-0 8. Qc2 Ne4 9. g4 Na6 10. a3 Nc7 11. Rg1 Nxc3 12. bxc3 dxc4 13. Bxc4 Nd5 14. Bxd5 cxd5 15. gxf5 Rxf5 16. Rg3 Bd7 17. Qb3 Qa5 18. Be5 g6 19. Nd2 Bc6 20. Kf1 Bh4 21. Rg2 Raf8 22. f4 Rxe5 23. dxe5 d4 24. exd4 Rxf4+ 25. Kg1 Bxg2 26. Kxg2 Qa6 27. Qc4 Rf2+ 28. Kh3 Rxd2 29. Qxa6 bxa6 30. Kxh4 Rxh2+ 31. Kg5 Kg7 32. Rb1 h6+ 33. Kf4 g5+ 34. Ke4 Rh4+ 35. Kd3 Kg6 36. Rf1 Rh3+ 37. Ke4 Rh4+ 38. Kd3 Rh3+ 39. Ke4 Rh4+ 40. Ke3 Rh3+ 41. Ke4 1/2-1/2

[Event "Frankfurt-chA"]
[Site "Frankfurt"]
[Date "2019.06.17"]
[Round "7"]
[White "Fucik, Timo"]
[Black "Goldt, Rainer"]
[Result "1-0"]
[WhiteElo "2013"]
[BlackElo "1852"]
[PlyCount "81"]
[EventDate "2019.04.29"]
[EventType "swiss"]
[EventRounds "7"]
[EventCountry "GER"]
[SourceTitle "EXT 2020"]
[Source "ChessBase"]
[SourceDate "2019.10.17"]
[SourceVersion "1"]
[SourceVersionDate "2019.10.17"]
[SourceQuality "1"]

1. d4 d5 2. c4 e6 3. Nf3 c6 4. e3 f5 5. Bd3 Nf6 6. 0-0 Bd6 7. b3 Qe7 8. Bb2 0-0 9. Qc1 Ne4 10. Ba3 Bxa3 11. Qxa3 Qf6 12. Ne5 Nd7 13. f4 Qh4 14. Nxd7 Bxd7 15. Qb4 b5 16. Bxe4 fxe4 17. Nd2 Rf5 18. Rf2 a5 19. Qd6 Rf7 20. cxb5 cxb5 21. Rc1 Qd8 22. Nf1 b4 23. Ng3 g5 24. f5 exf5 25. Qxd5 Rc8 26. Rfc2 Rxc2 27. Rxc2 Qb6 28. Rc5 a4 29. bxa4 Be6 30. a5 Qa6 31. Qd8+ Rf8 32. Qxg5+ Kh8 33. Nh5 Qb7 34. d5 Bg8 35. a6 Qf7 36. Rb5 Rc8 37. Rb7 Rc1+ 38. Kf2 Rc2+ 39. Kg3 Qg6 40. Qxg6 hxg6 41. Nf4 1-0

[Event "Hessen-chA"]
[Site "Frankfurt"]
[Date "2019.06.02"]
[Round "7"]
[White "Fucik, Timo"]
[Black "Burkhardt, Holger"]
[Result "1-0"]
[WhiteElo "2020"]
[BlackElo "2042"]
[PlyCount "89"]
[EventDate "2019.05.30"]
[EventType "swiss"]
[EventRounds "7"]
[EventCountry "GER"]
[SourceTitle "EXT 2020"]
[Source "ChessBase"]
[SourceDate "2019.10.17"]
[SourceVersion "1"]
[SourceVersionDate "2019.10.17"]
[SourceQuality "1"]

1. d4 d6 2. Nf3 Bg4 3. c4 Nd7 4. b3 Bxf3 5. exf3 g6 6. Bb2 Bg7 7. Nc3 e6 8. Be2 Ne7 9. 0-0 0-0 10. Qd2 Nf5 11. Nd1 c6 12. Ne3 d5 13. Nxf5 gxf5 14. Rac1 Nf6 15. Kh1 Kh8 16. Rg1 Qd6 17. c5 Qe7 18. Bd3 Ng8 19. Rce1 Bh6 20. Qe2 Qc7 21. Bb1 Nf6 22. Bc1 Bxc1 23. Rxc1 Rg8 24. g3 Rg7 25. Rg2 Rag8 26. Rcg1 h5 27. Qe3 Rh7 28. h3 Rg6 29. b4 Nd7 30. Bc2 Nf8 31. a3 Rgh6 32. f4 Nd7 33. Rh2 Kg8 34. f3 Rg7 35. g4 hxg4 36. fxg4 fxg4 37. hxg4 Rxh2+ 38. Kxh2 Nf6 39. Kh3 Nd7 40. g5 Kf8 41. g6 fxg6 42. Bxg6 Ke7 43. f5 e5 44. Qh6 Kf8 45. Bf7 1-0

[Event "Frankfurt-chA"]
[Site "Frankfurt"]
[Date "2019.05.27"]
[Round "5"]
[White "Fucik, Timo"]
[Black "Rennhack, Peer"]
[Result "0-1"]
[WhiteElo "2013"]
[BlackElo "1873"]
[PlyCount "68"]
[EventDate "2019.04.29"]
[EventType "swiss"]
[EventRounds "7"]
[EventCountry "GER"]
[SourceTitle "EXT 2020"]
[Source "ChessBase"]
[SourceDate "2019.10.17"]
[SourceVersion "1"]
[SourceVersionDate "2019.10.17"]
[SourceQuality "1"]

1. d4 g6 2. g3 Bg7 3. Bg2 c5 4. c3 cxd4 5. cxd4 Qb6 6. Nf3 Nc6 7. e3 d5 8. 0-0 Nf6 9. Nc3 Bf5 10. Nh4 e6 11. Nxf5 gxf5 12. Na4 Qc7 13. b3 h5 14. Bb2 h4 15. Rc1 hxg3 16. hxg3 Bh6 17. Nc5 Ng4 18. Rc3 Bxe3 19. Rxe3 Nxe3 20. fxe3 Qxg3 21. Qf3 Qxf3 22. Rxf3 0-0-0 23. Ba3 Rdg8 24. Nd3 Rh4 25. Bd6 Rhg4 26. Rf2 f6 27. Kf1 Kd7 28. Bf4 b6 29. b4 a5 30. bxa5 Nxa5 31. Rc2 Nc4 32. Nb2 Rxf4+ 33. exf4 Ne3+ 34. Kg1 Nxc2 0-1

[Event "Frankfurt-chA"]
[Site "Frankfurt"]
[Date "2019.04.30"]
[Round "1"]
[White "Viol, Julius"]
[Black "Fucik, Timo"]
[Result "1/2-1/2"]
[WhiteElo "1675"]
[BlackElo "2013"]
[PlyCount "81"]
[EventDate "2019.04.29"]
[EventType "swiss"]
[EventRounds "7"]
[EventCountry "GER"]
[SourceTitle "EXT 2020"]
[Source "ChessBase"]
[SourceDate "2019.10.17"]
[SourceVersion "1"]
[SourceVersionDate "2019.10.17"]
[SourceQuality "1"]

1. d4 d5 2. c4 c6 3. Nc3 dxc4 4. e3 b5 5. a4 b4 6. Na2 e6 7. Bxc4 Nf6 8. Nf3 Bb7 9. 0-0 Nbd7 10. Bd2 a5 11. Qe2 Be7 12. Nc1 0-0 13. Nd3 c5 14. Rac1 Qb6 15. Rfd1 Rfd8 16. dxc5 Nxc5 17. Nxc5 Bxc5 18. Be1 h6 19. Ne5 Rxd1 20. Rxd1 Bd6 21. Nf3 Rc8 22. b3 Rc5 23. h3 Bc7 24. Bd2 Rf5 25. Nd4 Rh5 26. Nb5 Qc6 27. f3 Bb6 28. Bc1 Bc5 29. Bb2 Rg5 30. Kf2 Nd5 31. Bxd5 Rxd5 32. Bd4 Qd7 33. Qc2 Ba6 34. Rc1 Bxb5 35. axb5 Bxd4 36. exd4 Rxb5 37. Qc8+ Qxc8 38. Rxc8+ Kh7 39. Rc5 Rb7 40. Rxa5 Kg6 41. Ke3 1/2-1/2

[Event "Baden-ch"]
[Site "Sasbach"]
[Date "2018.07.26"]
[Round "2"]
[White "Fucik, Timo"]
[Black "Rauch, Uwe"]
[Result "1-0"]
[WhiteElo "2000"]
[BlackElo "2148"]
[PlyCount "61"]
[EventDate "2018.07.25"]
[EventType "swiss"]
[EventRounds "7"]
[EventCountry "GER"]
[SourceTitle "CBM 186 Extra"]
[Source "ChessBase"]
[SourceDate "2018.08.24"]
[SourceVersion "1"]
[SourceVersionDate "2018.08.24"]
[SourceQuality "1"]

1. d4 Nf6 2. Bg5 c5 3. d5 Qa5+ 4. Bd2 Qc7 5. Nc3 a6 6. a4 g6 7. e4 Bg7 8. f4 d6 9. Nf3 0-0 10. Be2 e6 11. dxe6 Bxe6 12. 0-0 Nc6 13. Ng5 Bd7 14. Bc4 Rae8 15. f5 Ne5 16. Bd5 Bc6 17. Bf4 h6 18. Bxe5 dxe5 19. fxg6 hxg5 20. Rxf6 Bxd5 21. Nxd5 Qd8 22. Rxf7 Rxf7 23. gxf7+ Kxf7 24. Qg4 Kg8 25. Rf1 Rf8 26. Qe6+ Kh8 27. Qh3+ Kg8 28. Qe6+ Kh8 29. Rxf8+ Qxf8 30. Ne7 Qf6 31. Qg8# 1-0

[Event "Hessen-chA"]
[Site "Frankfurt"]
[Date "2018.05.12"]
[Round "5"]
[White "Sever, Mustafa Batuhan"]
[Black "Fucik, Timo"]
[Result "1/2-1/2"]
[WhiteElo "1960"]
[BlackElo "2024"]
[PlyCount "95"]
[EventDate "2018.05.10"]
[EventType "swiss"]
[EventRounds "7"]
[EventCountry "GER"]
[SourceTitle "EXT 2019"]
[Source "ChessBase"]
[SourceDate "2018.10.10"]
[SourceVersion "1"]
[SourceVersionDate "2018.10.10"]
[SourceQuality "1"]

1. e4 c5 2. Nf3 d6 3. d4 Nf6 4. Nc3 cxd4 5. Nxd4 a6 6. Be2 e6 7. Be3 Be7 8. 0-0 b5 9. a3 Bb7 10. f3 Nbd7 11. Kh1 0-0 12. Qe1 d5 13. exd5 Nxd5 14. Nxd5 Bxd5 15. a4 b4 16. c4 bxc3 17. Qxc3 Rc8 18. Qe1 a5 19. Bd2 Qb6 20. Nb5 Ra8 21. b4 axb4 22. Bxb4 Bxb4 23. Qxb4 Qe3 24. Nc3 Rfb8 25. Bb5 Nf6 26. Rfe1 Qg5 27. a5 Bc6 28. Reb1 Nd5 29. Qg4 Qxg4 30. fxg4 Nxc3 31. Bxc6 Nxb1 32. Bxa8 Rxa8 33. Rxb1 Kf8 34. Ra1 Ke7 35. Kg1 Kd6 36. Kf2 Ra7 37. Ke3 Kc5 38. g5 Kb4 39. Kd4 Rd7+ 40. Ke4 Ra7 41. Ke5 Rxa5+ 42. Rxa5 Kxa5 43. h4 g6 44. g4 Kb6 45. h5 Kc6 46. hxg6 hxg6 47. Kf6 e5 48. Kxe5 1/2-1/2

[Event "Frankfurt-chA"]
[Site "Frankfurt"]
[Date "2017.06.12"]
[Round "7"]
[White "Fucik, Timo"]
[Black "Wolff, Juergen"]
[Result "1-0"]
[WhiteElo "2003"]
[BlackElo "1752"]
[PlyCount "63"]
[EventDate "2017.04.24"]
[EventType "swiss"]
[EventRounds "7"]
[EventCountry "GER"]
[SourceTitle "EXT 2018"]
[Source "ChessBase"]
[SourceDate "2017.10.13"]
[SourceVersion "1"]
[SourceVersionDate "2017.10.13"]
[SourceQuality "1"]

1. d4 d5 2. c4 c6 3. e3 Nf6 4. Nf3 Bg4 5. Nc3 e6 6. Bd3 Nbd7 7. h3 Bxf3 8. Qxf3 Bd6 9. 0-0 0-0 10. e4 dxe4 11. Nxe4 Nxe4 12. Bxe4 h6 13. Re1 Nf6 14. Bc2 Rc8 15. Be3 Be7 16. Rad1 Qa5 17. a3 a6 18. Bf4 Qd8 19. Qg3 Kh8 20. Be5 Rg8 21. Qd3 g6 22. h4 Bf8 23. h5 Kh7 24. hxg6+ fxg6 25. Qh3 Qe7 26. Bxf6 Qxf6 27. Rxe6 Qd8 28. d5 cxd5 29. Rxd5 Qxd5 30. Bxg6+ Rxg6 31. cxd5 Rg5 32. Rxh6+ 1-0

[Event "Frankfurt-chA"]
[Site "Frankfurt"]
[Date "2017.05.02"]
[Round "2"]
[White "Varma, Christopher"]
[Black "Fucik, Timo"]
[Result "0-1"]
[WhiteElo "1783"]
[BlackElo "2003"]
[PlyCount "120"]
[EventDate "2017.04.24"]
[EventType "swiss"]
[EventRounds "7"]
[EventCountry "GER"]
[SourceTitle "EXT 2018"]
[Source "ChessBase"]
[SourceDate "2017.10.13"]
[SourceVersion "1"]
[SourceVersionDate "2017.10.13"]
[SourceQuality "1"]

1. e4 c5 2. Nf3 d6 3. Bc4 Nf6 4. Qe2 Nc6 5. h3 e6 6. Bb3 Be7 7. c3 0-0 8. 0-0 Bd7 9. d4 cxd4 10. cxd4 d5 11. e5 Ne4 12. Nc3 Nxc3 13. bxc3 Rc8 14. Qd3 a6 15. Bc2 g6 16. Bh6 Re8 17. a4 Qc7 18. Rfc1 Na5 19. Bd1 Qc4 20. Qe3 Bf8 21. Bxf8 Kxf8 22. Qh6+ Ke7 23. Qh4+ Kf8 24. Qxh7 Rc7 25. Qh8+ Ke7 26. Qf6+ Kf8 27. Bc2 Kg8 28. Ng5 Bc6 29. h4 Nb3 30. h5 gxh5 31. Qh6 Nxa1 32. Bh7+ Kh8 33. Bd3+ Kg8 34. Bxc4 dxc4 35. Rxa1 b5 36. axb5 axb5 37. Rb1 Ra8 38. f4 Ra2 39. Qh7+ Kf8 40. Qh8+ Ke7 41. Qf6+ Ke8 42. f5 Rxg2+ 43. Kf1 Rh2 44. Qh8+ Kd7 45. fxe6+ fxe6 46. Qg7+ Kc8 47. Qg8+ Kb7 48. Rb4 Kb6 49. Qb8+ Rb7 50. Qd8+ Ka6 51. Qc8 Kb6 52. Qd8+ Ka6 53. Qd6 Rb6 54. Qe7 Bd5 55. Qe8 Bc6 56. Qc8+ Bb7 57. Qf8 Bd5 58. Qf4 Rc2 59. Ne4 Ka5 60. Nc5 Rxc3 0-1

[Event "Frankfurt-chA"]
[Site "Frankfurt"]
[Date "2016.05.02"]
[Round "2"]
[White "Stock, Juergen"]
[Black "Fucik, Timo"]
[Result "1/2-1/2"]
[WhiteElo "1780"]
[BlackElo "1985"]
[PlyCount "92"]
[EventDate "2016.04.25"]
[EventType "swiss"]
[EventRounds "9"]
[EventCountry "GER"]
[SourceTitle "EXT 2018"]
[Source "ChessBase"]
[SourceDate "2017.10.13"]
[SourceVersion "1"]
[SourceVersionDate "2017.10.13"]
[SourceQuality "1"]

1. d4 d5 2. e3 Nf6 3. Bd3 e6 4. Nd2 c5 5. c3 Bd6 6. Qe2 0-0 7. Nh3 e5 8. dxe5 Bxe5 9. Ng5 Nc6 10. h4 h6 11. Nf1 Qc7 12. Bd2 hxg5 13. hxg5 Bg4 14. Bh7+ Nxh7 15. Qxg4 f5 16. Qh5 Nxg5 17. Qxg5 Qf7 18. Qh4 g6 19. f4 Bf6 20. Qh3 d4 21. 0-0-0 Qg7 22. exd4 cxd4 23. g4 Rac8 24. Kb1 fxg4 25. Qxg4 Ne7 26. cxd4 Rc6 27. Bb4 Rfc8 28. Bxe7 Bxe7 29. Ne3 Bf6 30. d5 Rc5 31. Rh2 Re8 32. Qg1 Rb5 33. Nc4 Re4 34. Ne5 Rxf4 35. Nxg6 Rfb4 36. b3 Bd4 37. Ne7+ Kf7 38. Qxg7+ Bxg7 39. d6 Rd4 40. Rxd4 Bxd4 41. Rd2 Bf6 42. Rf2 Ke6 43. Nc8 a6 44. Rc2 Be5 45. Rc4 Bxd6 46. Nxd6 Kxd6 1/2-1/2

[Event "Frankfurt-chA"]
[Site "Frankfurt"]
[Date "2016.04.25"]
[Round "1"]
[White "Fucik, Timo"]
[Black "Dohmes, Swidbert"]
[Result "1-0"]
[WhiteElo "1985"]
[BlackElo "1662"]
[PlyCount "55"]
[EventDate "2016.04.25"]
[EventType "swiss"]
[EventRounds "9"]
[EventCountry "GER"]
[SourceTitle "EXT 2018"]
[Source "ChessBase"]
[SourceDate "2017.10.13"]
[SourceVersion "1"]
[SourceVersionDate "2017.10.13"]
[SourceQuality "1"]

1. d4 Nf6 2. Bg5 d5 3. Bxf6 exf6 4. e3 Be6 5. Nd2 Nd7 6. Ngf3 Nb6 7. Bd3 Bd6 8. 0-0 Qe7 9. b3 0-0 10. c4 c5 11. Qc2 g6 12. a4 Rac8 13. a5 Nd7 14. Rfe1 Nb8 15. e4 dxc4 16. Nxc4 cxd4 17. Nxd4 Be5 18. Nxe6 Bxa1 19. Nxf8 Be5 20. Nxh7 Kxh7 21. Qd2 Nc6 22. Ne3 Qc7 23. Nd5 Qxa5 24. b4 Qd8 25. Be2 Qh8 26. Bg4 Rd8 27. Re3 Kg7 28. Rh3 1-0

[Event "Verbandsliga Nordbaden 1516"]
[Site "Baden"]
[Date "2016.01.24"]
[Round "5.4"]
[White "Brandenburger, Uwe"]
[Black "Fucik, Timo"]
[Result "0-1"]
[WhiteElo "2024"]
[BlackElo "2033"]
[PlyCount "113"]
[EventDate "2015.09.27"]
[EventType "team-tourn"]
[EventRounds "9"]
[EventCountry "GER"]
[SourceTitle "EXT 2022"]
[Source "ChessBase"]
[SourceDate "2021.10.06"]
[SourceVersion "1"]
[SourceVersionDate "2021.10.06"]
[SourceQuality "1"]
[WhiteTeam "Lindenhof"]
[BlackTeam "Ettlingen II"]
[WhiteTeamCountry "GER"]
[BlackTeamCountry "GER"]

1. e4 c5 2. Nf3 d6 3. d4 Nf6 4. Nc3 cxd4 5. Nxd4 a6 6. Bg5 Nbd7 7. f4 Qc7 8. Qf3 h6 9. Bh4 g5 10. fxg5 hxg5 11. Bxg5 Qc5 12. Be3 Ne5 13. Qe2 Neg4 14. Bg1 Bh6 15. a3 Qb6 16. Nb3 Qd8 17. h3 Bf4 18. Qf3 Bg5 19. g3 Ne5 20. Qg2 Be6 21. Nd2 Rc8 22. Bd3 Qa5 23. b4 Qc7 24. Nd1 Bxd2+ 25. Kxd2 Nxd3 26. Kxd3 d5 27. c3 Qc4+ 28. Kc2 Nxe4 29. Qf3 f5 30. Qd3 Qxd3+ 31. Kxd3 Nxg3 32. Bd4 Nxh1 33. Bxh8 f4 34. Ra2 Kd7 35. Be5 Rc4 36. Rh2 Bf5+ 37. Kd2 Ng3 38. Kc1 Re4 39. Bb8 e5 40. Ba7 Ke6 41. Bf2 Nh5 42. Kd2 Rc4 43. Nb2 Rc7 44. Na4 e4 45. Nc5+ Kd6 46. Bd4 e3+ 47. Ke1 Ng3 48. h4 Rh7 49. a4 Be4 50. Nxe4+ dxe4 51. c4 Nf5 52. Ba7 Rxh4 53. Bb8+ Ke6 54. Rxh4 Nxh4 55. Ke2 Ng2 56. Kf1 f3 57. Bg3 0-1